Statistiques concernant Pays avec un ou plusieurs F

Cliquez ici pour prendre le quiz!

Statistiques générales

  • Ce quiz a été pris 333 fois
  • Le résultat moyen est 5 sur 7

Statistiques - réponses

Nombre de F Pays % Correct
FFrance
98%
FFinlande
97%
FFidji
84%
FAfghanistan
82%
FAfrique du Sud
71%
FRépublique Centrafricaine
33%
FBurkina Faso
30%

Distribution des résultats

Percentile by Number Answered

% des personnes avec chaque résultat

Votre développement - résultats

Vous n’avez pas pris ce quiz